书目信息 |
| 题名: |
电气控制与PLC应用技术
|
|
| 作者: | 田效伍 主编 | |
| 分册: | ||
| 出版信息: | 北京 机械工业出版社 2006 |
|
| 页数: | 217页 | |
| 开本: | 26cm | |
| 丛书名: | ||
| 单 册: | ||
| 中图分类: | TM571.2 , TM571.6 | |
| 科图分类: | ||
| 主题词: | 电气控制--高等教育--教材 , 可编程序控制器--高等教育--教材 , 电气控制 , 可编程序控制器 | |
| 电子资源: | ||
| ISBN: | 978-7-111-19724-9 | |
| 000 | 01044nam0 2200289 45 | |
| 001 | 1338823859 | |
| 005 | 20130514151906.17 | |
| 010 | @a978-7-111-19724-9@dCNY21.00 | |
| 100 | @a20130108d2006 em y0chiy0110 ea | |
| 101 | 0 | @achi |
| 102 | @aCN@b110000 | |
| 105 | @aa z 000yy | |
| 106 | @ar | |
| 200 | 1 | @a电气控制与PLC应用技术@ADian Qi Kong Zhi Yu PLC Ying Yong Ji Shu@f田效伍主编@FTian Xiao Wu Zhu Bian |
| 210 | @a北京@c机械工业出版社@d2006 | |
| 215 | @a217页@c图@d26cm | |
| 300 | @a全国高等专科教育自动化类专业规划教材 | |
| 330 | @a本书分为两大部分,第一部分包括常用低压电器、继电-接触器控制电路的基本环节、典型设备的电气控制电路分析;第二部分以西门子S7系列PLC为例,介绍了PLC的结构、原理、指令系统、编程方法和系统设计方法。 | |
| 606 | 0 | @a电气控制@x高等教育@j教材 |
| 606 | 0 | @a可编程序控制器@x高等教育@j教材 |
| 606 | 0 | @a电气控制 |
| 606 | 0 | @a可编程序控制器 |
| 690 | @aTM571.2@v5 | |
| 690 | @aTM571.6@v5 | |
| 701 | 0 | @a田效伍@ATian Xiao Wu@4主编 |
| 801 | @aCN@bTANGWEI@c20130108 | |
| 905 | @b0819913-17@dTM571.2@e35@f5 | |
| 电气控制与PLC应用技术/田效伍主编.-北京:机械工业出版社,2006 |
| 217页:图;26cm |
| 全国高等专科教育自动化类专业规划教材 |
| ISBN 978-7-111-19724-9:CNY21.00 |
| 本书分为两大部分,第一部分包括常用低压电器、继电-接触器控制电路的基本环节、典型设备的电气控制电路分析;第二部分以西门子S7系列PLC为例,介绍了PLC的结构、原理、指令系统、编程方法和系统设计方法。 |
| ● |
| 相关链接 |
|
|
|
|
正题名:电气控制与PLC应用技术
索取号:TM571.2/35
 
预约/预借
| 序号 | 登录号 | 条形码 | 馆藏地/架位号 | 状态 | 备注 |
| 1 | 0819913 | 208199135 | 第二样本阅览室/ [索取号:TM571.2/35] | 在馆 | |
| 2 | 0819914 | 208199144 | 第三借阅区/ [索取号:TM571.2/35] | 在馆 | |
| 3 | 0819915 | 208199153 | 第三借阅区/ [索取号:TM571.2/35] | 在馆 | |
| 4 | 0819916 | 208199162 | 第三借阅区/ [索取号:TM571.2/35] | 在馆 | |
| 5 | 0819917 | 208199171 | 第三借阅区/ [索取号:TM571.2/35] | 在馆 |